01259nam a2200313 a 4500001001000000003000900010005001700019007000300036008004100039040002500080082002700105100003900132245008900171250001200260260003600272300002100308490002600329500007600355500006800431590002700499650006900526650003100595650002900626830003300655910003700688942001400725952018900739999001700928000045224DO-SdBNP20250624095821.0ta131204s1975 dr 000 0 spa d aDO-SdBNPbspacBNPHU 4a616.89bZ18m, 19752221 aZaglul, Antonio,d1920-199696965710aMis 500 locos :bmemorias del director de un manicomio /cAntonio Zaglul Elmúdesi. a4a. ed. aSanto Domingo :bTaller,c1975. a162 p. ;c21 cm. aBiblioteca tallerv17 aIncluye datos biográficos del autor en la solapa de la contracubierta aPerteneció a la biblioteca personal del Dr. Guaroa Ginebra H. aInventariado, 2022/MFF 4aPsiquiatríaxCasos, historias clínicas, estadística926961 4aTrastornos mentales918252 4aEnfermos mentales918248 0aBiblioteca tallern17926962 aValidado. Control de calidad MFF 2ddccLBS1 00102ddc53708PDaBNPHUbBNPHUcHDd2015-02-12l0oBNPHU PD 616.89 Z18m 1975p45224-10r2020-06-25w2020-06-25yLBS1zPerteneció a la biblioteca personal del Dr. Guaroa Ginebra H. c44713d44713